Top 20 Best Football Performances Ever - Statistics

General Stats
  • This quiz has been taken 640 times
  • The average score is 15 of 18
Answer Stats
Answer % Correct
Lionel Messi
100%
Diego Maradona
98%
Thierry Henry
95%
Kylian Mbappe
94%
Pele
94%
Zinedine Zidane
93%
Ronaldinho
91%
Steven Gerrard
88%
Ronaldo Nazario
87%
Lucas Moura
82%
Manuel Neuer
81%
Roy Keane
81%
David Beckham
80%
Wayne Rooney
79%
Dusan Tadic
74%
Toni Kroos
74%
Bobby Moore
47%
Stanley Matthews
35%
No matching quizzes found
Score Distribution
Percent of People with Each Score
Percentile by Number Answered
Your Score History
You have not taken this quiz